[Event "Bogota Mila Memorial op"]
[Site "Bogota"]
[Date "2009.04.??"]
[Round "7"]
[White "Palacio Padilla, Pablo Persi"]
[Black "Montenegro, Rolando"]
[Result "0-1"]
[WhiteElo "1947"]
[BlackElo "2128"]
[PlyCount "80"]
[EventDate "2009.04.??"]
[EventType "swiss"]
[EventRounds "9"]
[EventCountry "COL"]
[SourceTitle "EXT 2014"]
[Source "ChessBase"]
[SourceDate "2013.11.20"]
[SourceVersion "1"]
[SourceVersionDate "2013.11.20"]
[SourceQuality "1"]

1. Nf3 d5 2. d4 e6 3. Bf4 Nf6 4. h3 Bd6 5. Bg5 c5 6. e3 Nbd7 7. c3 Qc7 8. Bd3 b6 9. Nbd2 Bb7 10. Rc1 Ne4 11. Bxe4 dxe4 12. Ng1 f6 13. Bh4 g5 14. Qh5+ Kd8 15. Bxg5 fxg5 16. Qxg5+ Be7 17. Qg4 cxd4 18. exd4 Qc6 19. Ne2 Kc7 20. Nf4 Rag8 21. Qxe6 Qxe6 22. Nxe6+ Kb8 23. Rh2 Bd6 24. g3 Rg6 25. Nf4 Bxf4 26. gxf4 Rg1+ 27. Nf1 Rf8 28. Ke2 Rxf4 29. Rc2 Nf6 30. Ne3 Bc8 31. h4 h5 32. c4 Ng4 33. Nxg4 Rgxg4 34. c5 Rxh4 35. Rxh4 Rxh4 36. cxb6 axb6 37. Rc6 Kb7 38. d5 Rh3 39. Rh6 Bg4+ 40. Ke1 Rd3 0-1

[Event "Bucaramanga op"]
[Site "Bucaramanga"]
[Date "2008.05.31"]
[Round "3"]
[White "Cuartas Medina, Jorge Humberto"]
[Black "Montenegro, Rolando"]
[Result "1-0"]
[WhiteElo "2304"]
[BlackElo "2203"]
[PlyCount "79"]
[EventDate "2008.05.30"]
[EventType "swiss"]
[EventRounds "9"]
[EventCountry "COL"]
[SourceTitle "EXT 2010"]
[Source "ChessBase"]
[SourceDate "2010.11.25"]
[SourceVersion "1"]
[SourceVersionDate "2010.11.25"]
[SourceQuality "1"]

1. e4 d5 2. exd5 Nf6 3. d4 Bg4 4. f3 Bf5 5. Bb5+ Nbd7 6. c4 a6 7. Bxd7+ Qxd7 8. Ne2 b5 9. b3 bxc4 10. bxc4 e6 11. dxe6 Qxe6 12. Qa4+ Nd7 13. Nbc3 Bd3 14. c5 Be7 15. Kf2 0-0 16. Nf4 Qc4 17. Qxc4 Bxc4 18. Nfd5 Bd8 19. Ne3 Bd3 20. Rd1 Bg6 21. f4 f5 22. Nc4 Nf6 23. Ne5 Ng4+ 24. Kg1 Nxe5 25. dxe5 Be7 26. Be3 c6 27. Rd7 Kf7 28. Rad1 Rfd8 29. Bf2 Rxd7 30. Rxd7 Ke6 31. Rc7 Be8 32. Ne2 Bf8 33. Nd4+ Kd5 34. Nxf5 Rb8 35. g4 Ke4 36. e6 Kf3 37. Nd4+ Kxf4 38. e7 Bxe7 39. Rxe7 Bg6 40. Bg3+ 1-0

[Event "American Continental 04th"]
[Site "Cali"]
[Date "2007.07.17"]
[Round "8"]
[White "Montano, Henry"]
[Black "Montenegro, Rolando"]
[Result "0-1"]
[WhiteElo "2108"]
[BlackElo "2227"]
[PlyCount "36"]
[EventDate "2007.07.10"]
[EventType "swiss"]
[EventRounds "11"]
[EventCountry "COL"]
[SourceTitle "CBM 119 Extra"]
[Source "ChessBase"]
[SourceDate "2007.09.04"]
[SourceVersion "1"]
[SourceVersionDate "2007.09.04"]
[SourceQuality "1"]

1. e4 d5 2. exd5 Nf6 3. d4 Bg4 4. Nf3 Qxd5 5. Be2 Nc6 6. c4 Qf5 7. h3 Bxf3 8. Bxf3 0-0-0 9. Be3 Nb4 10. Na3 e5 11. d5 Nd3+ 12. Ke2 e4 13. Bxe4 Nf4+ 14. Bxf4 Qxe4+ 15. Be3 Bxa3 16. Qa4 Bc5 17. b4 Bxe3 18. fxe3 Qxg2+ 0-1

[Event "American Continental 04th"]
[Site "Cali"]
[Date "2007.07.14"]
[Round "5"]
[White "Montenegro, Rolando"]
[Black "Zuluaga Mancilla, Cesar"]
[Result "0-1"]
[WhiteElo "2227"]
[BlackElo "2339"]
[PlyCount "66"]
[EventDate "2007.07.10"]
[EventType "swiss"]
[EventRounds "11"]
[EventCountry "COL"]
[SourceTitle "CBM 119 Extra"]
[Source "ChessBase"]
[SourceDate "2007.09.04"]
[SourceVersion "1"]
[SourceVersionDate "2007.09.04"]
[SourceQuality "1"]

1. e4 c5 2. Nf3 e6 3. d3 Nc6 4. g3 d6 5. Bg2 g6 6. 0-0 Bg7 7. c3 e5 8. Re1 Nge7 9. Nbd2 Rb8 10. a4 0-0 11. Nf1 h6 12. Ne3 Be6 13. Nh4 d5 14. exd5 Nxd5 15. Nc4 Qc7 16. f4 Rbd8 17. Nxe5 Nxe5 18. fxe5 g5 19. Nf3 Rfe8 20. d4 cxd4 21. cxd4 Nb4 22. Bd2 Nd3 23. Ba5 Qxa5 24. Qxd3 g4 25. b4 Qxb4 26. Nh4 Rxd4 27. Qb5 Bd7 28. Qf1 Rd2 29. Nf5 Qc5+ 30. Ne3 Rxe5 31. Rac1 Qd4 32. Rc4 Rxe3 33. Rxd4 Bxd4 0-1

[Event "American Continental 04th"]
[Site "Cali"]
[Date "2007.07.11"]
[Round "2"]
[White "Montenegro, Rolando"]
[Black "Lafuente, Pablo"]
[Result "0-1"]
[WhiteElo "2227"]
[BlackElo "2454"]
[PlyCount "48"]
[EventDate "2007.07.10"]
[EventType "swiss"]
[EventRounds "11"]
[EventCountry "COL"]
[SourceTitle "CBM 119 Extra"]
[Source "ChessBase"]
[SourceDate "2007.09.04"]
[SourceVersion "1"]
[SourceVersionDate "2007.09.04"]
[SourceQuality "1"]

1. e4 c6 2. Nc3 d5 3. Nf3 dxe4 4. Nxe4 Bf5 5. Ng3 Bg4 6. Bc4 e6 7. h3 Bxf3 8. Qxf3 Nd7 9. d4 Nb6 10. Bb3 Qxd4 11. 0-0 Nf6 12. Rd1 Qe5 13. Bf4 Qa5 14. a4 Be7 15. Bd2 Bb4 16. c3 Be7 17. Ba2 Nbd7 18. b4 Qc7 19. Bf4 Qc8 20. Re1 0-0 21. Nf5 Re8 22. Bd6 Bd8 23. Bc5 exf5 24. Qxf5 Bc7 0-1